LEADER 01113nam0 22002651i 450 001 UON00052416 005 20231205102231.917 100 $a20020107f1376 |0itac50 ba 101 $aara 102 $aEG 105 $a|||| 1|||| 200 1 $aˆal-‰Hilf al-istislami$edirasa mawdu'iyya 'an al-hilf al-islami$fAhmad Kamal al-Tugbi 210 $aal-Qahira$cal-Maglis al-'ala li su'un al-islamiyya$d1386 h 215 $a189 p.$d24 cm 606 $aPAESI ARABI$xStoria$xSec. 20.$3UONC005291$2FI 620 $aEG$dIl Cairo$3UONL000377 686 $aARA IV C$cPAESI ARABI - STORIA CONTEMPORANEA - COMUNITA' ISLAMICHE NEL MONDO$2A 700 1$aˆal-‰TUBGI$bAhmad Kamal$3UONV033143$0651556 712 $aal-Maglis al-'ala li su'un al-islamiyya$3UONV254210$4650 801 $aIT$bSOL$c20241115$gRICA 899 $aSIBA - SISTEMA BIBLIOTECARIO DI ATENEO$2UONSI 912 $aUON00052416 950 $aSIBA - SISTEMA BIBLIOTECARIO DI ATENEO$dSI ARA IV C 133 $eSI AR 2116 5 133 996 $aHilf al-istislami$91145689 997 $aUNIOR LEADER 03228oam 2200829I 450 001 9910958841303321 005 20251214175414.0 010 $a9786613320247 010 $a9781136146787 010 $a1136146784 010 $a9781283320245 010 $a128332024X 010 $a9780240821207 010 $a0240821203 024 7 $a10.4324/9780240821207 035 $a(CKB)2550000000062343 035 $a(EBL)802386 035 $a(OCoLC)761646610 035 $a(SSID)ssj0000533627 035 $a(PQKBManifestationID)11965688 035 $a(PQKBTitleCode)TC0000533627 035 $a(PQKBWorkID)10489419 035 $a(PQKB)10943393 035 $a(Au-PeEL)EBL4689280 035 $a(CaPaEBR)ebr11280660 035 $a(CaONFJC)MIL332024 035 $a(OCoLC)961058757 035 $a(OCoLC)769188986 035 $a(OCoLC)770668007 035 $a(FINmELB)ELB134168 035 $a(CaSebORM)9780240821078 035 $a(MiAaPQ)EBC4689280 035 $a(MiAaPQ)EBC802386 035 $a(OCoLC)858036570 035 $a(OCoLC)ocn858036570 035 $a(EXLCZ)992550000000062343 100 $a20180706d2011 uy 0 101 0 $aeng 135 $aur|n|---||||| 181 $ctxt 182 $cc 183 $acr 200 10$a3ds max design architectural visualization $efor intermediate users /$fBrian L. Smith 205 $a1st edition 210 1$aWaltham, Mass. :$cFocal Press,$d2011. 215 $a1 online resource (561 p.) 300 $aIncludes index. 311 08$a9781136146770 311 08$a1136146776 311 08$a9780240821078 311 08$a0240821076 327 $apt. 1. Working with architectural drawings -- pt. 2. Creating building elements -- pt. 3. Creating site elements -- pt. 4. Mental ray -- pt. 5. Advanced visualization techniques -- pt. 6. Efficient 3D workflow. 330 $aLearn time-saving techniques and tested production-ready tips for maximum speed and efficiency in creating professional-level architectural visualizations in 3ds Max. Move from intermediate to an advanced level with specific and comprehensive instruction with this collaboration from nine different authors from around the world. Get their experience and skills in this full-color book, which not only teaches more advanced features, but also demonstrates the practical applications of those features to get readers ready for a real production environment. Fully updated for the most recent version o 606 $aComputer animation 606 $aArchitecture$xComputer-aided design 606 $aArchitectural rendering$xComputer simulation 606 $aThree-dimensional display systems 606 $aComputer graphics 615 0$aComputer animation. 615 0$aArchitecture$xComputer-aided design. 615 0$aArchitectural rendering$xComputer simulation. 615 0$aThree-dimensional display systems. 615 0$aComputer graphics. 676 $a006.696 700 $aSmith$b Brian L$g(Brian Lawrence),$f1972-$01898389 801 0$bMiAaPQ 801 1$bMiAaPQ 801 2$bMiAaPQ 906 $aBOOK 912 $a9910958841303321 996 $a3ds max design architectural visualization$94555459 997 $aUNINA